Responses for show #1638 - Wednesday, October 16, 1991

Leszek Pawlowicz game 5.

Contestants

[<< previous game]

Bob Whalen, an Army officer from Savannah, Georgia

Don Fraser Jr., an attorney from Bedminster, New Jersey

Leszek Pawlowicz, a materials scientist from Phoenix, Arizona (whose 4-day cash winnings total $55,200)

[next game >>]

Jeopardy! Round responses

THE TWENTIETH CENTURY
PLANTS
HOLIDAYS & OBSERVANCES
THE SOUTH
"RAIN"Y SONGS
UMBRELLAS
    $100 1
the Titanic

Leszek
    $100 6
a pepper

Bob
    $100 7
Washington

Bob
    $100 8
Davis

Bob
    $100 14
"Don't Rain On My Parade"

Leszek
    $100 26
Morton Salt

Leszek
    $200 2
Prince Rainier

Leszek
    $200 10
Australia

Leszek
    $200 20
Mardi Gras (Shrove Tuesday)

Leszek
    $200 9
Stone Mountain

Leszek
    $200 15
"Fire and Rain"

Don
    $200 27
the sun

Leszek
    $300 3
Sakharov

Leszek
    $300 11
tomatoes

Leszek
    $300 21
Columbus Day

Leszek
    $300 16
bourbon

Leszek
    $300 17
"Singin' In The Rain"

Don
    $300 28
Carrie Nation

Leszek
    $400 4
England (Great Britain)

Leszek
    $400 12
(Leszek: Oooh... um, what is a watermelon?)
(Don: What is a potato?)

corn

LeszekDon
Triple Stumper
    $400 22
(Don: Who is Clara Barton?)

Florence Nightingale

LeszekDon
    $400 18
Warm Springs, Georgia

Bob
    $400 24
"Laughter In The Rain"

Leszek
    $400 29
The Travelers

Leszek
    $500 5
(Alex: You ran the category in beautiful style; your'e starting off exactly as you did yesterday.)
[Applause]

Hermann Goering

Leszek
    $500 13
pink

Leszek
    $500 23
Canada Day

Triple Stumper
    $500 19
(Leszek: What is Fort Lauderdale?)

St. Augustine, Florida

LeszekBob
    $500 25
"Raindrops"

Triple Stumper
    $1,000 30
The Umbrellas of Cherbourg

Leszek

Scores at the first commercial break (after clue 13):

Leszek Don Bob
$2,300 -$400 $300

Scores at the end of the Jeopardy! Round:

Leszek Don Bob
$5,500 -$300 $1,200

Double Jeopardy! Round responses

OLD GEOGRAPHY
POETRY
GOVERNMENT & POLITICS
RELIGION
ACRONYMS
CLOUDS
    $200 2
Siam

Leszek
    $200 25
ignorance

Don
    $200 1
Amtrak

Leszek
    $200 28
a mosque

Don
    $200 24
[Bob said it as each letter at a time.]

NOW

Bob
    $200 18
a silver lining

Leszek
    $400 3
the UAR (United Arab Republic)

Leszek
    $400 27
money

Leszek
    $3,000 7
Jesse Helms

Leszek
    $400 21
Christian Science

Leszek
    $400 16
NASCAR

Don
    $400 19
an atomic bomb

Leszek
    $600 4
East Berlin

Leszek
    $600 26
a barefoot boy, with cheek of tan!

Leszek
    $600 8
the CIA

Leszek
    $600 13
divorce

Don
    $600 14
a WAVE

Don
    $600 20
a bank

Don
    $800 5
East Pakistan

Leszek
    $800 29
the world laughs with you

Don
    $800 9
New York

Bob
    $800 12
the Septuagint

Triple Stumper
    $800 15
GULAG

Leszek
    $800 22
a cloud chamber

Bob
    $1000 6
the Gold Coast

Triple Stumper
    $4,100 30
(Don: [Sighs] What is "America"?)
(Alex: Oh, sorry, that is incorrect.)
(Don: It's Emma Lazarus.)

"The New Colossus"

Don
    $1000 10
Arkansas

Don
    $1000 11
John Knox

Bob
    $1000 17
NASDAQ

Bob
    $1000 23
Cloud Cuckoo Land

Leszek

Scores at the end of the Double Jeopardy! Round:

Leszek Don Bob
$15,100 $0 $5,000
(lock game)

[wagering suggestions for these scores]

Final Jeopardy! Round responses

MUSICAL THEATRE
(Leszek: [Pumps fist] Yes! Yes!)
BobWhat is Of Thee I Sing?
$4,825
LeszekWhat is Of Thee I Sing
$5,100
Of Thee I Sing

Final scores:

Leszek Don Bob
$20,200 $0 $9,825
5-day champion: $75,400 3rd place: Bruce hardwood floors + Nintendo Entertainment System with Super Jeopardy! & Wheel of Fortune + InfoGenius for Game Boy 2nd place: Berkline Wallaway sofa & Island of the Orcas serigraph by Zu Ming Ho

Game dynamics:

Coryat scores:

Leszek Don Bob
$12,000 $4,100 $5,000
34 R
(including 2 DDs),
2 W
10 R,
3 W
(including 1 DD)
10 R,
0 W

Combined Coryat: $21,100

The J! Archive is created by fans, for fans. The Jeopardy! game show and all elements thereof, including but not limited to copyright and trademark thereto, are the property of Jeopardy Productions, Inc. and are protected under law. This website is not affiliated with, sponsored by, or operated by Jeopardy Productions, Inc. Join the discussion at JBoard.tv.